000 00777cam a22002655a 4500
001 13345085
005 20170427143405.0
008 030916s2003 enka frb f001 0deng d
020 _a019280216X
020 _a9780192802163
040 _aUKM
_cUKM
_dORU
_dDAY
_dEG-ScBUE
_beng
082 0 4 _222
_a184
_bANN
100 1 _aAnnas, Julia.
245 1 0 _aPlato :
_ba very short introduction /
_cJulia Annas.
260 _aOxford ;
_aNew York :
_bOxford University Press,
_c2003.
300 _a104 p. :
_bill. ;
_c18 cm.
490 0 _aVery short introductions ;
_v79
500 _aIndex : p. 99-104.
504 _aBibliography : p. 96-97.
600 1 7 _aPlato.
_933498
650 7 _aPhilosophy, Ancient.
_2BUEsh
651 _2BUEsh
653 _bHHUUPPSS
_cApril2017
942 _2ddc
999 _c24734
_d24706